| 000 | 00357nam a2200157Ia 4500 | ||
|---|---|---|---|
| 005 | 20250704030322.0 | ||
| 008 | 240331s9999 xx 000 0 und d | ||
| 020 | _a9559205005 | ||
| 082 |
_bVIT _a920 |
||
| 100 | _aVitana,G.K | ||
| 245 | 0 | _aAdasiyapatha | |
| 260 |
_aPoddala _bLahiru Publishers _c1993 |
||
| 300 | _a211 p ., | ||
| 650 | _aStory | ||
| 942 | _cL | ||
| 999 |
_c5291 _d5291 |
||